00667cam a22002051 4500001001300000003000400013005001700017008004100034010001700075035001800092040002500110042001200135050001900147100005400166245012500220260003600345300001800381600004500399999001700444e 15000936 DLC20260227111204.0740401s1878 xx 000 0 eng  ae 15000936  a(OCoLC)846832 aDLCcNICdOCoLCdDLC apremarc00aLA2617.H45bB61 aBoardman, Henry A.q(Henry Augustus),d1808-1880.10aIn memoriam. A discourse commemorative of the character and life of John Seely Hart, LL. D.,cby Henry A. Boardman, D.D. aPhiladelphia,bEldredge,c1878. a32 p.c22 cm.10aHart, John S.q(John Seely),d1810-1877. c19809d19809